00491nam a22001697a 450000500170000001000150001702000260003203500140005803700130007208200110008510000160009624500740011226000370018627000530022330000250027650000200030120171206160835.0 aENG-121454 c750.00a9788171328680 aEN-102985 bDBAD/PUB a361.32 aDas,Kartick aMicrofinance inclusive growth and rural development /cby Kartick Das bPointer PublishersaJaipurc2016 a807, Vyas Building, Chaura RastabJaipure302003 axiv,169p. c22cm(Hb) aincludes index